Statistics for 根据IATA/ICAO写出航空公司(部分)Airlines According to IATA/ICAO

Click here to take the quiz!

General Stats

  • This quiz has been taken 18 times
  • The average score is 22 of 31

Answer Stats

IATAICAO航空公司% Correct
3UCSC四川航空公司
100%
MUCES中国东方航空公司
100%
CACCA中国国际航空公司
100%
CZCSN中国南方航空公司
94%
JLJAL日本航空公司
94%
SQSIA新加坡航空公司
88%
NHANA全日空航空公司
88%
9CCQH春秋航空公司
88%
EKUAE阿拉伯联合酋长国航空公司
88%
HUCHH海南航空公司
82%
MHMAS马来西亚航空公司
82%
MFCXA厦门航空公司
82%
KEKAL大韩航空公司
82%
UAUAL美国联合航空公司
82%
AFAFR法国航空公司
82%
HODKH吉祥航空公司
76%
CXCPA国泰航空公司
76%
KLKLM荷兰皇家航空公司
71%
KNCUA中国联合航空公司
71%
CICAL中华航空公司
71%
DLDAL达美航空公司
71%
LHDLH德国汉莎航空公司
59%
ACACA加拿大航空公司
59%
BABAW英国航空公司
59%
QFQFA澳洲航空公司
53%
TGTHA泰国航空公司
53%
TKTHY土耳其航空公司
53%
TVTBA西藏航空公司
47%
BREVA长荣航空公司
41%
NXAMU澳门航空公司
29%
MSMSR埃及航空公司
24%

Score Distribution

Percentile by Number Answered

Percent of People with Each Score

Your Score History

You have not taken this quiz